El aleph /
Guardado en:
| Autor Principal: | |
|---|---|
| Formato: | Libro |
| Publicado: |
Barcelona :
Sol 90,
2000
|
| Series: | Biblioteca Clarín. Serie biblioteca de la literatura universal, 17
|
| Materias: | |
| Etiquetas: |
Agregar Etiqueta
Sin Etiquetas, Sea el primero en etiquetar este registro!
|
| LEADER | 01116nam a22002415a 4500 | ||
|---|---|---|---|
| 001 | CEM.cems011940 | ||
| 005 | 20070518130416.0 | ||
| 008 | 130507s2000##################000#0#####d | ||
| 003 | CEMS | ||
| 020 | |a 8495594110 | ||
| 082 | 0 | 4 | |a A868.34 |
| 100 | 1 | |a Borges, Jorge Luis | |
| 245 | 1 | 0 | |a El aleph / |c Jorge Luis Borges |
| 260 | |a Barcelona : |b Sol 90, |c 2000 | ||
| 300 | |a 141 p. | ||
| 490 | 0 | |a Biblioteca Clarín. Serie biblioteca de la literatura universal, 17 | |
| 505 | 0 | |a Contiene: El inmortal -- El muerto -- Los teólogos -- Historia del guerrero y de la cautiva -- Biografía de Tadeo Isidoro Cruz (1829-1874) -- Emma Zunz -- La casa del Asterión -- La otra muerte -- Deutsches requiem -- La busca de averroes - El zahir -- La escritura del Dios -- Abenjac n el Bojar¡, muerto en su laberinto -- Los dos reyes y los dos laberintos -- La espera -- El hombre en el umbral -- El aleph -- | |
| 653 | |a Literatura | ||
| 653 | |a Literatura argentina | ||
| 653 | |a Cuentos argentinos-siglo xx | ||
| 653 | |a Cuentos | ||
| 653 | |a Narrativa argentina | ||
| 859 | |a CEMS |b BIB. CEMS - 11 de abril |h A868.34 |i B644-1 |p 23080.05 |t Ej.1 | ||
